00608cam a22001697a 450000100100000000500170001000800410002702000150006804000250008308200150010810000300012324501010015326000340025430000200028895201130030899900170042100001986620200929170153.0001120s1998 ck ac 000 0 spa  a958300510X aDO-SdBNPbspacBNPHU axxxxbE77J1 aEspaña, Gonzalo.94239010aJose Celestino Mutis :bel sabio de la vacuna /cGonzalo Espana ; ilustraciones, Silvia Gómez. aBogota :bColciencias,c1998. a87 p. ;c28 cm. 001050718MOaGRbGRcCTd2010-07-08iLF1l0oxxxx E77Jp19866-10r2020-06-25w2020-06-25y1ZNo se presta c19379d19379